000 00317nam a22001337a 4500
999 _c15367
_d15367
020 _a9788171305704
082 _a894.812 3
_bPOT/OR
100 _aPottakkatt, S. K
_93051
245 _aOru Desathinte Kadha
260 _aKottayam
_bD. C Books
_c2018
300 _a566
650 _aMalayalam Fiction
_93040
942 _cBK